Gasto etiquetado y polt̕icas pb︢licas para la igualdad entre mujeres y hombres 2011

Detalles Bibliográficos
Formato: eBook
Lenguaje:español
Publicado: Ciudad de Mx̌ico: Cm̀ara de Diputados, 2012
Materias:
Acceso en línea:Acceso restringido

MARC

LEADER 00000nam a22000007a 4500
005 20170829005637.0
007 cr|||| ||||
008 170829s2012 mx |||||s||||f00||0 spa d
035 |a 20465 
040 |a vLex 
090 |c 6867  |d 6867 
245 0 0 |a Gasto etiquetado y polt̕icas pb︢licas para la igualdad entre mujeres y hombres 2011  |h [Recurso electrn̤ico] / 
256 |a Servicio en ln̕ea 
260 |a Ciudad de Mx̌ico:  |b Cm̀ara de Diputados,  |c 2012 
300 |a 1 recurso electrn̤ico 
506 1 |a Disponible solo en los productos indicados  |d vLex Global  |d vLex Global (Academic Edition, excluding Law Schools)  |d vLex Global (U.S. Academic Edition, Law Schools)  |d vLex Global (U.S. Academic Edition, excluding Law Schools)  |d vLex Global (Academic Edition, Law Schools) 
650 0 4 |a Derecho Civil  |z Mx̌ico 
650 0 4 |a Derecho Mercantil y de la Empresa  |z Mx̌ico 
650 0 4 |a Derecho Fiscal  |z Mx̌ico 
650 0 4 |a Derecho Pb︢lico y Administrativo  |z Mx̌ico 
650 0 4 |a Derecho Constitucional  |z Mx̌ico 
740 0 |a vLex Libros (Servicio en ln̕ea) 
856 4 0 |u http://vlex.com/source/gasto-etiquetado-y-politicas-publicas-para-la-igualdad-entre-mujeres-y-hombres-2011-20465  |z Acceso restringido 
942 |c BOOK 
999 0 |a Civil Law 
999 0 |a Commercial and Company Law 
999 0 |a Tax Law 
999 0 |a Public and Administrative Law 
999 0 |a Constitutional Law